[Event "SRB-chT2 West"]
[Site "Vrnjacka Banja"]
[Date "2013.10.12"]
[Round "5"]
[White "Djordjev, Bojan"]
[Black "Vujovic, Radojica"]
[Result "1/2-1/2"]
[WhiteElo "2141"]
[BlackElo "2083"]
[PlyCount "131"]
[EventDate "2013.10.10"]
[EventType "team-tourn"]
[EventRounds "8"]
[EventCountry "SRB"]
[SourceTitle "EXT 2014"]
[Source "ChessBase"]
[SourceDate "2013.11.20"]
[SourceVersion "1"]
[SourceVersionDate "2013.11.20"]
[SourceQuality "1"]

1. Nf3 Nf6 2. g3 Nc6 3. d4 d5 4. Bg2 e6 5. 0-0 Bd6 6. b3 0-0 7. c4 Re8 8. Bb2 Bf8 9. Ne5 Ne7 10. Nd2 b6 11. cxd5 exd5 12. Rc1 Bf5 13. Ba3 Ng6 14. Bxf8 Kxf8 15. Ndf3 Qe7 16. Rc6 Rac8 17. Re1 Qd8 18. Nxg6+ hxg6 19. Ne5 Bd7 20. Nxd7+ Qxd7 21. Qc1 g5 22. Qc2 Re6 23. Rc1 Rxc6 24. Qxc6 Qxc6 25. Rxc6 Ke7 26. b4 a6 27. e3 Kd8 28. Kf1 Rb8 29. f3 Kd7 30. Rc3 Re8 31. h3 Kd6 32. Kf2 c6 33. Ra3 Ra8 34. e4 Ne8 35. e5+ Kd7 36. f4 gxf4 37. gxf4 Nc7 38. Bf1 g6 39. Be2 Ne6 40. Ke3 Nc7 41. Bg4+ Ne6 42. f5 gxf5 43. Bxf5 Kc7 44. Bxe6 fxe6 45. Kf4 c5 46. bxc5 bxc5 47. dxc5 Kc6 48. Kg5 d4 49. Kf6 Kd5 50. c6 Rc8 51. Rxa6 Rxc6 52. Ra8 Ke4 53. Rd8 Rc5 54. Kxe6 Rxe5+ 55. Kf6 Rb5 56. Kg6 Rd5 57. Re8+ Re5 58. Rd8 d3 59. h4 Rd5 60. Re8+ Kf3 61. Re1 d2 62. Rd1 Ke2 63. Rxd2+ Kxd2 64. h5 Ke3 65. h6 Rd6+ 66. Kg7 1/2-1/2

[Event "SRB-CupT Central"]
[Site "Serbia"]
[Date "2013.04.27"]
[Round "7.10"]
[White "Vujovic, Radojica"]
[Black "Pavlovic, Branka"]
[Result "1-0"]
[WhiteElo "2088"]
[BlackElo "1806"]
[PlyCount "61"]
[EventDate "2013.03.24"]
[EventType "team-tourn"]
[EventRounds "8"]
[EventCountry "SRB"]
[SourceTitle "EXT 2018"]
[Source "ChessBase"]
[SourceDate "2017.10.13"]
[SourceVersion "1"]
[SourceVersionDate "2017.10.13"]
[SourceQuality "1"]

1. e4 c5 2. Nf3 d6 3. Bc4 e6 4. 0-0 Be7 5. c3 Nf6 6. Re1 0-0 7. Bb3 Nc6 8. d4 cxd4 9. cxd4 Bd7 10. Nbd2 Rc8 11. Nf1 Na5 12. Bc2 Qc7 13. Bd3 e5 14. Ne3 Rfd8 15. Bd2 b6 16. Bc3 exd4 17. Nxd4 Nb7 18. Nd5 Nxd5 19. exd5 Bf8 20. Rc1 Nc5 21. Bc2 Re8 22. Qf3 g6 23. Nc6 f5 24. b4 Na6 25. Bb3 Qb7 26. Qd3 Rxe1+ 27. Rxe1 Re8 28. Rxe8 Bxe8 29. Nd8 Qe7 30. Ne6 Nxb4 31. Bxb4 1-0

[Event "SRB-chT3 Liga Nord CS"]
[Site "Serbia"]
[Date "2011.09.25"]
[Round "3"]
[White "Polic, Dragan"]
[Black "Vujovic, Radojica"]
[Result "0-1"]
[WhiteElo "2039"]
[BlackElo "2121"]
[PlyCount "90"]
[EventDate "2011.09.11"]
[EventType "team"]
[EventRounds "11"]
[EventCountry "SRB"]
[SourceTitle "EXT 2015"]
[Source "ChessBase"]
[SourceDate "2014.11.20"]
[SourceVersion "1"]
[SourceVersionDate "2014.11.20"]
[SourceQuality "1"]

1. e4 c5 2. Nf3 Nc6 3. c3 Qa5 4. Na3 e6 5. Nc4 Qc7 6. d4 b5 7. Na3 a6 8. d5 Ne5 9. Be2 Nf6 10. Nxe5 Qxe5 11. dxe6 fxe6 12. 0-0 c4 13. Nc2 Bc5 14. Kh1 Nxe4 15. Bf3 0-0 16. Be3 Bxe3 17. Nxe3 d5 18. Qe2 Qf4 19. Bxe4 Qxe4 20. f3 Qe5 21. Rae1 h5 22. Nc2 Qxe2 23. Rxe2 Bd7 24. Re5 g6 25. Rfe1 Rf5 26. Kg1 Kf7 27. Nd4 Rxe5 28. Rxe5 a5 29. Nc2 Rb8 30. a3 Rb6 31. h4 Rd6 32. Kf2 b4 33. axb4 Ba4 34. Re2 Bxc2 35. Rxc2 axb4 36. cxb4 Rb6 37. b3 cxb3 38. Rb2 Rxb4 39. Ke3 e5 40. Kd3 Ke6 41. Kc3 Rb6 42. Rxb3 Rxb3+ 43. Kxb3 Kf5 44. g3 e4 45. fxe4+ Kxe4 0-1

[Event "SRB-chT3 Liga Nord CS"]
[Site "Serbia"]
[Date "2011.09.11"]
[Round "1.13"]
[White "Rikalovic, Milan"]
[Black "Vujovic, Radojica"]
[Result "1-0"]
[WhiteElo "2099"]
[BlackElo "2121"]
[PlyCount "83"]
[EventDate "2011.09.11"]
[EventType "team"]
[EventRounds "11"]
[EventCountry "SRB"]
[SourceTitle "EXT 2015"]
[Source "ChessBase"]
[SourceDate "2014.11.20"]
[SourceVersion "1"]
[SourceVersionDate "2014.11.20"]
[SourceQuality "1"]

1. e4 c5 2. Nf3 a6 3. c3 Nf6 4. e5 Nd5 5. d4 cxd4 6. cxd4 e6 7. Bd3 Nb4 8. 0-0 Nxd3 9. Qxd3 d5 10. Nc3 Be7 11. Bd2 Bd7 12. a3 Nc6 13. b4 b5 14. Rfc1 Rb8 15. h3 a5 16. Nxb5 Nxb4 17. Bxb4 Bxb5 18. Bxe7 Kxe7 19. Qc3 Rc8 20. Qd2 Rxc1+ 21. Rxc1 h6 22. Qc3 Qb6 23. Rb1 Qa6 24. Qc5+ Kd7 25. Rxb5 Rc8 26. Rxa5 Rxc5 27. Rxa6 Rc1+ 28. Kh2 Rc7 29. Kg3 Rc3 30. Ra7+ Ke8 31. h4 f6 32. Kh2 Kf8 33. a4 Rc4 34. a5 fxe5 35. dxe5 Ra4 36. g3 g6 37. Kg2 Ke8 38. Rg7 d4 39. a6 Kf8 40. Rxg6 Ke7 41. a7 d3 42. Rxh6 1-0